Co to za piłkarz? Ekstraklasa - Statystyki

Ogólne statystyki
  • Ten quiz został rozwiązany 109 razy
  • Średni wynik to 5 z 8
Statystyki odpowiedzi
podpowiedź odpowiedź % Poprawnych
gra w Lechu naataku Ishak
94%
gra w Lechii na bramce Kuciak
82%
gra w Pogoni nabramce Stipica
77%
gra w Piaście naobronie Czerwiński
76%
gra w Legii na ataku Pekhart
70%
gra w Pogoni na ataku Zahovic
63%
gra w Górniku Zabrzejako pomocnik Kubica
31%
gra w śląsku jakopomocnik Olsen
20%
Nie znaleziono quizów pasujących do podanych kryteriów
Rozkład punktacji
Procent ludzi z każdym wynikiem
Percentyl według liczby udzielonych odpowiedzi
Twoja historia wyników
Nie rozwiązałeś tego quizu